000 00853nam a22002777a 4500
001 BR8700128
003 BR-BrBNA
005 20230928092319.0
007 ta
008 230509b bl.||||| |||| 00| 0 por d
040 _aBR-BrBNA
_bpor
_cBiblioteca Nacional de Agricultura
041 _a(Por)
072 _aJ10; E13
_b4440
090 _ 4440 BR8700128
110 1 _aBanco de Desenvolvimento de Minas Gerais, Belo Horizonte (Brasil)
_91074
245 1 _aPrograma de financiamento de armazens e silos
260 3 _aBelo Horizonte, MG (Brasil):
_c[nd].
300 _a47 p.
500 _a(*) Documento disponível no(a) Banco de Desenvolvimento de Minas Gerais, Belo Horizonte (Brazil)
650 _aARMAZEM
650 _aSILO
650 _aPRODUTO AGRICOLA
650 _aFINANCIAMENTO
909 _a202309
_bLucia
_c55
_dLucia Elande
942 _cBK
999 _c38291
_d38291